[Event "Manizales op 30th"]
[Site "Manizales"]
[Date "2025.01.09"]
[Round "2"]
[White "Gallego Perez, Alejandro"]
[Black "Requejo Cotrina, Oswaldo Valentin"]
[Result "1/2-1/2"]
[WhiteElo "1849"]
[BlackElo "2232"]
[PlyCount "94"]
[EventDate "2025.01.08"]
[EventType "tourn"]
[EventRounds "7"]
[EventCountry "COL"]
[SourceTitle "CB03_2025"]
[SourceDate "2025.01.15"]
[SourceVersion "1"]
[SourceVersionDate "2025.01.15"]
[SourceQuality "1"]

1. e4 c5 2. Ne2 g6 3. g3 Bg7 4. Bg2 Nc6 5. 0-0 Nf6 6. c3 d5 7. d3 0-0 8. h3 e6 9. Qc2 b6 10. Rd1 Bb7 11. Nd2 Qe7 12. Nf1 c4 13. exd5 cxd3 14. Qxd3 Nxd5 15. Nf4 Nf6 16. Qe2 Rad8 17. Be3 e5 18. Nd3 h6 19. Ne1 e4 20. Rxd8 Rxd8 21. Rd1 Nd5 22. Bc1 f5 23. Ne3 Ne5 24. Nxd5 Bxd5 25. b3 Bb7 26. c4 Nc6 27. Rxd8+ Qxd8 28. Be3 Ne5 29. Qd2 Qxd2 30. Bxd2 Kf7 31. Kf1 g5 32. Ke2 Bc8 33. f3 exf3+ 34. Nxf3 Nxf3 35. Bxf3 Be5 36. Be1 Kf6 37. Bf2 Bd6 38. a4 Bc5 39. Be1 a5 40. Bc3+ Kg6 41. Bc6 Be6 42. Be8+ Bf7 43. Bxf7+ Kxf7 44. g4 Kg6 45. Kf3 h5 46. Be5 fxg4+ 47. hxg4 h4 1/2-1/2

[Event "Manizales op 30th"]
[Site "Manizales"]
[Date "2025.01.09"]
[Round "3"]
[White "Hernandez Pinzon, Helvert"]
[Black "Gallego Perez, Alejandro"]
[Result "1-0"]
[WhiteElo "1982"]
[BlackElo "1849"]
[PlyCount "71"]
[EventDate "2025.01.08"]
[EventType "tourn"]
[EventRounds "7"]
[EventCountry "COL"]
[SourceTitle "CB03_2025"]
[SourceDate "2025.01.15"]
[SourceVersion "1"]
[SourceVersionDate "2025.01.15"]
[SourceQuality "1"]

1. e4 c5 2. Nf3 a6 3. Nc3 b5 4. d4 e6 5. Be2 Bb7 6. d5 b4 7. Na4 Qa5 8. b3 Nf6 9. dxe6 fxe6 10. e5 Nd5 11. Nd2 Nc6 12. Nc4 Qc7 13. Bb2 Qd8 14. Bf3 Rb8 15. Qd3 Qg5 16. h4 Qf4 17. g3 Qf7 18. 0-0-0 Be7 19. Be4 g6 20. Kb1 0-0 21. f4 Nd4 22. Bxd4 cxd4 23. Qxd4 Rfc8 24. h5 Bc6 25. hxg6 hxg6 26. Rh6 Bxa4 27. Rdh1 Qg7 28. Bxd5 Qxh6 29. Rxh6 Kg7 30. Rh2 exd5 31. Nd6 Bc6 32. f5 Rf8 33. f6+ Rxf6 34. exf6+ Bxf6 35. Qf4 Bc3 36. Qf7# 1-0

[Event "Manizales op 28th"]
[Site "Manizales"]
[Date "2023.01.08"]
[Round "6"]
[White "Gutierrez Rios, Manuel"]
[Black "Gallego Perez, Alejandro"]
[Result "0-1"]
[WhiteElo "1410"]
[BlackElo "1754"]
[PlyCount "110"]
[EventDate "2023.01.05"]
[EventType "swiss"]
[EventRounds "8"]
[EventCountry "COL"]
[SourceTitle "CBM 212 Extra"]
[Source "ChessBase"]
[SourceDate "2023.03.31"]
[SourceVersion "1"]
[SourceVersionDate "2023.03.31"]
[SourceQuality "1"]

1. e4 c5 2. Nc3 d6 3. Nf3 g6 4. g3 Bg7 5. Bg2 Nc6 6. d3 Nf6 7. 0-0 0-0 8. h3 Rb8 9. Be3 Qc7 10. Qd2 b5 11. Bh6 b4 12. Ne2 e5 13. Bxg7 Kxg7 14. Nh2 Ne8 15. f4 f6 16. f5 gxf5 17. exf5 Bb7 18. Ng4 Kh8 19. Qh6 Qg7 20. Qxg7+ Kxg7 21. Ne3 Nd4 22. Nxd4 cxd4 23. Nd5 Bxd5 24. Bxd5 Nc7 25. Bb3 Nb5 26. Rae1 a5 27. Ba4 Nc7 28. Bb3 Ra8 29. a3 a4 30. Ba2 bxa3 31. bxa3 Rab8 32. Rb1 Nb5 33. Rb4 Nc3 34. Bc4 Rxb4 35. axb4 d5 36. Ba6 a3 37. Ra1 a2 38. Kf2 Rb8 39. b5 h5 40. Kf3 Kf7 41. g4 hxg4+ 42. Kxg4 Rg8+ 43. Kf3 e4+ 44. dxe4 dxe4+ 45. Kf4 Rg1 46. Rxg1 Ne2+ 47. Kxe4 Nxg1 48. b6 a1Q 49. b7 Qb2 50. h4 Ke7 51. Kd5 Nf3 52. h5 d3 53. cxd3 Qd4+ 54. Kc6 Ne5+ 55. Kb5 Nd7 0-1

[Event "Manizales Departamental-ch 2nd"]
[Site "Manizales"]
[Date "2022.07.17"]
[Round "6"]
[White "Rodriguez Zuluaga, Gabriel Andres"]
[Black "Gallego Perez, Alejandro"]
[Result "0-1"]
[WhiteElo "1565"]
[BlackElo "1661"]
[PlyCount "140"]
[EventDate "2022.07.14"]
[EventType "swiss"]
[EventRounds "7"]
[EventCountry "COL"]
[SourceTitle "EXT 2024"]
[Source "ChessBase"]
[SourceDate "2023.10.10"]
[SourceVersion "1"]
[SourceVersionDate "2023.10.10"]
[SourceQuality "1"]

1. d4 Nf6 2. Nf3 g6 3. e3 Bg7 4. Be2 b6 5. b3 Bb7 6. Bb2 0-0 7. 0-0 c5 8. Ne5 Qc7 9. Bf3 d5 10. c4 e6 11. Nd2 cxd4 12. Bxd4 Ne8 13. cxd5 exd5 14. Rc1 Qe7 15. Nd3 Bxd4 16. exd4 Nd6 17. Re1 Qh4 18. Rc7 Na6 19. Rxb7 Nxb7 20. Bxd5 Rab8 21. Nf3 Qd8 22. Bc4 Nc7 23. Nde5 Qd6 24. Ng5 Nd8 25. Qf3 Kg7 26. Nexf7 Nxf7 27. Nxf7 Qf6 28. Qxf6+ Kxf6 29. Ne5 Rbe8 30. Rc1 Kg7 31. a4 Rf4 32. Nc6 a6 33. d5 Rf6 34. Nb4 b5 35. axb5 axb5 36. Bf1 Re7 37. g3 Rd7 38. Bg2 Ne8 39. Nd3 g5 40. Nc5 Ra7 41. Ne4 Rfa6 42. Nxg5 Ra1 43. Ne6+ Kf6 44. Rxa1 Rxa1+ 45. Bf1 Ke5 46. Kg2 Nd6 47. Nf4 h6 48. Bd3 Kd4 49. Be2 Rb1 50. Bf3 Rxb3 51. Ne2+ Ke5 52. Nf4 Ra3 53. Ne2 b4 54. Nf4 b3 55. Bd1 b2 56. Bc2 Ra1 57. Nd3+ Kf6 58. Nxb2 Ra2 59. Nc4 Nxc4 60. Bb3 Ne3+ 61. Kf3 Ra3 62. fxe3 Rxb3 63. Kf4 Rb1 64. h4 h5 65. e4 Rb4 66. d6 Rd4 67. g4 hxg4 68. h5 g3 69. Kxg3 Rxe4 70. d7 Rd4 0-1

[Event "Manizales Departamental-ch 2nd"]
[Site "Manizales"]
[Date "2022.07.15"]
[Round "3"]
[White "Munoz Galvez, Jhon Edison"]
[Black "Gallego Perez, Alejandro"]
[Result "1-0"]
[WhiteElo "2310"]
[BlackElo "1661"]
[PlyCount "77"]
[EventDate "2022.07.14"]
[EventType "swiss"]
[EventRounds "7"]
[EventCountry "COL"]
[SourceTitle "EXT 2024"]
[Source "ChessBase"]
[SourceDate "2023.10.10"]
[SourceVersion "1"]
[SourceVersionDate "2023.10.10"]
[SourceQuality "1"]

1. d4 Nf6 2. c4 b6 3. f3 Nc6 4. d5 Ne5 5. Qd4 Ng6 6. Nc3 e5 7. dxe6 fxe6 8. e4 Bc5 9. Qd3 Nh5 10. g3 0-0 11. f4 Bb7 12. Nh3 Nf6 13. Bg2 d5 14. cxd5 exd5 15. e5 Ne4 16. Be3 Bb4 17. Bxe4 Bxc3+ 18. Qxc3 dxe4 19. Rd1 Qe7 20. 0-0 Ba6 21. Rfe1 Qe6 22. Ng5 Qf5 23. Qxc7 Bd3 24. Qc6 Rae8 25. Bd4 h6 26. Nxe4 Ne7 27. Qb7 Bc2 28. Nd6 Qg4 29. Rc1 Bf5 30. Nxe8 Rxe8 31. Rc7 Bc8 32. Rxc8 Nxc8 33. e6 Qg6 34. f5 Nd6 35. fxg6 Nxb7 36. e7 Nd6 37. Bc3 Nf5 38. g4 Nh4 39. Re6 1-0

[Event "Manizales op 27th"]
[Site "Manizales"]
[Date "2022.01.09"]
[Round "6"]
[White "Gallego Perez, Alejandro"]
[Black "Pinzon, Hector"]
[Result "1-0"]
[WhiteElo "1521"]
[BlackElo "1645"]
[PlyCount "73"]
[EventDate "2022.01.06"]
[EventType "swiss"]
[EventRounds "8"]
[EventCountry "COL"]
[SourceTitle "CBM 206 Extra"]
[Source "ChessBase"]
[SourceDate "2022.03.31"]
[SourceVersion "1"]
[SourceVersionDate "2022.03.31"]
[SourceQuality "1"]

1. e4 c5 2. Nf3 Nc6 3. d4 cxd4 4. Nxd4 Nf6 5. Nc3 d6 6. Bc4 g6 7. Nxc6 bxc6 8. e5 Ng4 9. e6 f5 10. h3 Nf6 11. Bf4 Bg7 12. Bb3 0-0 13. g4 Qa5 14. Qd2 Bb7 15. 0-0-0 Kh8 16. Bh6 Ne8 17. Bxg7+ Nxg7 18. Qg5 Qc7 19. f3 Rf6 20. h4 d5 21. Qd2 fxg4 22. fxg4 Nxe6 23. g5 Rf5 24. Rde1 Nf4 25. Nd1 e5 26. Ne3 Rff8 27. Ng4 a5 28. Nxe5 a4 29. Qd4 Kg8 30. Ng4 Qg7 31. Nf6+ Rxf6 32. gxf6 Qh6 33. f7+ Kf8 34. Qb4+ Kg7 35. Kb1 axb3 36. Re8 bxc2+ 37. Kxc2 1-0

[Event "Manizales Las Americas op-C"]
[Site "Manizales"]
[Date "2021.10.18"]
[Round "9"]
[White "Gallego Perez, Alejandro"]
[Black "Pinzon, Luis Guillermo"]
[Result "1-0"]
[WhiteElo "1600"]
[BlackElo "1581"]
[PlyCount "22"]
[EventDate "2021.10.14"]
[EventType "swiss"]
[EventRounds "9"]
[EventCountry "COL"]
[SourceTitle "EXT 2023"]
[Source "ChessBase"]
[SourceDate "2022.10.05"]
[SourceVersion "1"]
[SourceVersionDate "2022.10.05"]
[SourceQuality "1"]

1. e4 e5 2. Nf3 Nc6 3. Bb5 Bc5 4. c3 Nf6 5. Qe2 0-0 6. 0-0 Re8 7. d3 a6 8. Ba4 h6 9. Be3 Bf8 10. Nbd2 Ng4 11. h3 Nf6 1-0

[Event "Manizales Las Americas op-C"]
[Site "Manizales"]
[Date "2021.10.17"]
[Round "7"]
[White "Gallego Perez, Alejandro"]
[Black "Herrera Nopan, Fabian"]
[Result "0-1"]
[WhiteElo "1600"]
[BlackElo "1612"]
[PlyCount "36"]
[EventDate "2021.10.14"]
[EventType "swiss"]
[EventRounds "9"]
[EventCountry "COL"]
[SourceTitle "EXT 2023"]
[Source "ChessBase"]
[SourceDate "2022.10.05"]
[SourceVersion "1"]
[SourceVersionDate "2022.10.05"]
[SourceQuality "1"]

1. e4 c5 2. Nf3 d6 3. Bc4 Nc6 4. c3 Nf6 5. Qe2 e5 6. Ng5 Be6 7. Nxe6 fxe6 8. Bxe6 Qe7 9. Bh3 Qf7 10. 0-0 Be7 11. f4 0-0 12. d4 cxd4 13. fxe5 dxe5 14. Bd2 Rad8 15. Bg5 Qg6 16. Bxf6 Rxf6 17. Nd2 dxc3 18. bxc3 Qh6 0-1